5HLuxD.jpg

KING HENRY VIII SENIOR AND PRIMARY SCHOOL LIBRARY OPAC

Children's book of philosophy : (Record no. 1807)

000 -LEADER
fixed length control field 01871cam a22004337i 4500
001 - CONTROL NUMBER
control field 18598205
003 - CONTROL NUMBER IDENTIFIER
control field OSt
005 - DATE AND TIME OF LATEST TRANSACTION
control field 20230201080129.0
008 - FIXED-LENGTH DATA ELEMENTS--GENERAL INFORMATION
fixed length control field 150430s2015 nyua j 001 0 eng d
010 ## - LIBRARY OF CONGRESS CONTROL NUMBER
LC control number 2015304308
020 ## - INTERNATIONAL STANDARD BOOK NUMBER
International Standard Book Number 9781465429230
035 ## - SYSTEM CONTROL NUMBER
System control number (OCoLC)ocn903958540
040 ## - CATALOGING SOURCE
Original cataloging agency PNX
Language of cataloging eng
Transcribing agency PNX
Description conventions rda
Modifying agency PNX
-- OCLCO
-- OJ4
-- OCLCQ
-- BTCTA
-- BDX
-- UKMGB
-- IEP
-- OCLCF
-- IH5
-- QBX
-- DLC
-- KH8
042 ## - AUTHENTICATION CODE
Authentication code lccopycat
082 04 - DEWEY DECIMAL CLASSIFICATION NUMBER
Classification number 100 TOM
Edition number 23
100 1# - MAIN ENTRY--PERSONAL NAME
Personal name Tomley, Sarah,
Relator term author.
245 10 - TITLE STATEMENT
Title Children's book of philosophy :
Remainder of title an introduction to the world's great thinkers and their big ideas /
Statement of responsibility, etc. Sarah Tomley, Marcus Weeks.
250 ## - EDITION STATEMENT
Edition statement First American edition.
264 #1 - PRODUCTION, PUBLICATION, DISTRIBUTION, MANUFACTURE, AND COPYRIGHT NOTICE
Place of production, publication, distribution, manufacture New York, New York :
Name of producer, publisher, distributor, manufacturer DK Publishing,
Date of production, publication, distribution, manufacture, or copyright notice 2015.
300 ## - PHYSICAL DESCRIPTION
Extent 141 pages :
Other physical details illustrations (chiefly color) ;
Dimensions 31 cm
336 ## - CONTENT TYPE
Content type term text
Content type code txt
Source rdacontent
337 ## - MEDIA TYPE
Media type term unmediated
Media type code n
Source rdamedia
338 ## - CARRIER TYPE
Carrier type term volume
Carrier type code nc
Source rdacarrier
500 ## - GENERAL NOTE
General note Includes index.
505 0# - FORMATTED CONTENTS NOTE
Formatted contents note Is the world real? -- What am I? -- Thinking and feeling -- How do I decide what's right? -- Why do we need rules?
520 ## - SUMMARY, ETC.
Summary, etc. Explores philosophy and notable philosophers, discussing "thought experiments," and how to explain a complex idea through a story.
650 #0 - SUBJECT ADDED ENTRY--TOPICAL TERM
Topical term or geographic name entry element Philosophy
Form subdivision Juvenile literature.
650 #0 - SUBJECT ADDED ENTRY--TOPICAL TERM
Topical term or geographic name entry element Philosophers
Form subdivision Juvenile literature.
650 #1 - SUBJECT ADDED ENTRY--TOPICAL TERM
Topical term or geographic name entry element Philosophy.
650 #1 - SUBJECT ADDED ENTRY--TOPICAL TERM
Topical term or geographic name entry element Philosophers.
650 #7 - SUBJECT ADDED ENTRY--TOPICAL TERM
Topical term or geographic name entry element Philosophers.
Source of heading or term fast
Authority record control number or standard number (OCoLC)fst01060746
650 #7 - SUBJECT ADDED ENTRY--TOPICAL TERM
Topical term or geographic name entry element Philosophy.
Source of heading or term fast
Authority record control number or standard number (OCoLC)fst01060777
655 #7 - INDEX TERM--GENRE/FORM
Genre/form data or focus term Juvenile works.
Source of term fast
Authority record control number or standard number (OCoLC)fst01411637
700 1# - ADDED ENTRY--PERSONAL NAME
Personal name Weeks, Marcus,
Relator term author.
856 42 - ELECTRONIC LOCATION AND ACCESS
Materials specified Publisher description
Uniform Resource Identifier <a href="http://www.loc.gov/catdir/enhancements/fy1516/2015304308-d.html">http://www.loc.gov/catdir/enhancements/fy1516/2015304308-d.html</a>
906 ## - LOCAL DATA ELEMENT F, LDF (RLIN)
a 7
b cbc
c copycat
d 2
e ncip
f 20
g y-gencatlg
942 ## - ADDED ENTRY ELEMENTS (KOHA)
Source of classification or shelving scheme
Koha item type Books - Non Ficton
Holdings
Withdrawn status Lost status Source of classification or shelving scheme Damaged status Not for loan Collection code Permanent Location Current Location Shelving location Date acquired Total Checkouts Full call number Barcode Date due Date last seen Date last checked out Price effective from Koha item type
          Non-Fiction KH8 Primary School Library KH8 Primary School Library Non Fiction 2023-02-01 5 100 TOM KHPL000003561 2024-05-03 2024-04-23 2024-04-23 2023-02-01 Books - Non Ficton

Powered By KH8 IT Dept